[Event "GER-chT Federal Cup (Women)"]
[Site "Braunfels"]
[Date "2012.06.09"]
[Round "4.5"]
[White "Nobis, Martina"]
[Black "Aden, Dagmar"]
[Result "1-0"]
[WhiteElo "1875"]
[BlackElo "1849"]
[PlyCount "117"]
[EventDate "2012.06.07"]
[EventType "team-swiss"]
[EventRounds "5"]
[EventCountry "GER"]
[SourceTitle "CBM 149 Extra"]
[Source "ChessBase"]
[SourceDate "2012.08.24"]
[SourceVersion "1"]
[SourceVersionDate "2012.08.24"]
[SourceQuality "1"]
[WhiteTeam "Sachsen (W)"]
[BlackTeam "Niedersachsen (W)"]
[WhiteTeamCountry "GER"]
[BlackTeamCountry "GER"]

1. e4 c5 2. Nf3 d6 3. d4 cxd4 4. Nxd4 Nf6 5. Nc3 a6 6. Be2 g6 7. f3 Bg7 8. Be3 0-0 9. Qd2 Re8 10. 0-0-0 Nc6 11. Kb1 Qc7 12. g4 Nxd4 13. Bxd4 Be6 14. h4 b5 15. h5 b4 16. Nd5 Qa5 17. hxg6 fxg6 18. Bc4 Rac8 19. Bb3 Bxd5 20. Bxd5+ e6 21. Bb3 Rcd8 22. Qf4 g5 23. Qe3 Rd7 24. Rd2 Rde7 25. Rdh2 Qb5 26. c4 bxc3 27. Qxc3 Rf8 28. Bc4 Qb7 29. Qe3 h6 30. Qd3 d5 31. exd5 exd5 32. Bxf6 dxc4 33. Qxc4+ Ref7 34. Bxg7 Kxg7 35. Rxh6 Qxf3 36. Rh7+ Kg8 37. Rh8+ Kg7 38. R1h7+ Kf6 39. Qxa6+ Ke5 40. Qb5+ Kd4 41. Qb4+ Ke5 42. Qc5+ Ke4 43. Qc4+ Ke5 44. a3 Qf1+ 45. Qxf1 Rxf1+ 46. Ka2 R8f4 47. Re8+ Kd6 48. Re2 Rxg4 49. Rh3 Rd4 50. Rg3 g4 51. b4 Kc6 52. Rc2+ Kb5 53. Rc5+ Kb6 54. Kb3 Rff4 55. Ka4 Rde4 56. Rg5 Rc4 57. Rg6+ Rc6 58. R6xg4 Rff6 59. Kb3 1-0

[Event "Hamburg St Pauli op-A"]
[Site "Hamburg"]
[Date "2010.07.14"]
[Round "6"]
[White "Nobis, Martina"]
[Black "Cahillane, Felix"]
[Result "0-1"]
[WhiteElo "1943"]
[BlackElo "1889"]
[PlyCount "52"]
[EventDate "2010.07.10"]
[EventType "swiss"]
[EventRounds "9"]
[EventCountry "GER"]
[SourceTitle "EXT 2013"]
[Source "ChessBase"]
[SourceDate "2012.11.22"]
[SourceVersion "1"]
[SourceVersionDate "2012.11.22"]
[SourceQuality "1"]

1. e4 g6 2. Nc3 Bg7 3. g3 Nf6 4. Bg2 0-0 5. f4 d6 6. d3 Nbd7 7. Nf3 Rb8 8. h3 e5 9. Be3 exf4 10. gxf4 c5 11. Qd2 b5 12. 0-0-0 b4 13. Ne2 Qa5 14. Kb1 Nb6 15. Qe1 Na4 16. b3 Nc3+ 17. Nxc3 bxc3 18. Bc1 Rb6 19. d4 c4 20. Qe2 Ba6 21. Qe1 Rfb8 22. Bb2 cxb3 23. cxb3 Rxb3 24. axb3 Rxb3 25. Rd2 Bd3+ 26. Kc1 Qa1+ 0-1